000
00340pab a2200145 454500
008
180718b2002 xxu||||| |||| 00| 0 eng d
100
_a
Sikka, Pawan
245
_a
Bidding of scientific research projects
260
_c
2002
300
_a
p.10-12.
362
_a
18 Nov
650
_a
Research
773
_a
University News
909
_a
54545
999
_c
54545
_d
54545